Chest X-ray Made Easy (Record no. 5926)

MARC details
000 -LEADER
fixed length control field 00519nam a22002057a 4500
003 - CONTROL NUMBER IDENTIFIER
control field OSt
005 - DATE AND TIME OF LATEST TRANSACTION
control field 20171214141254.0
008 - FIXED-LENGTH DATA ELEMENTS--GENERAL INFORMATION
fixed length control field 171214b xxu||||| |||| 00| 0 eng d
020 ## - INTERNATIONAL STANDARD BOOK NUMBER
International Standard Book Number 9780702055003
040 ## - CATALOGING SOURCE
Transcribing agency DNLM
082 ## - DEWEY DECIMAL CLASSIFICATION NUMBER
Classification number WN200 C815c 2016
100 ## - MAIN ENTRY--PERSONAL NAME
Personal name Corne, Jonathan; Kumaran, Maruti
9 (RLIN) 12310
245 ## - TITLE STATEMENT
Title Chest X-ray Made Easy
250 ## - EDITION STATEMENT
Edition statement 4th ed.
260 ## - PUBLICATION, DISTRIBUTION, ETC. (IMPRINT)
Place of publication, distribution, etc. Edinburgh; Elsevier, 2016
300 ## - PHYSICAL DESCRIPTION
Extent ix,174p; col.ill: 22cm
504 ## - BIBLIOGRAPHY, ETC. NOTE
Bibliography, etc Index included
650 ## - SUBJECT ADDED ENTRY--TOPICAL TERM
Topical term or geographic name as entry element X-ray
9 (RLIN) 7392
942 ## - ADDED ENTRY ELEMENTS (KOHA)
Source of classification or shelving scheme Other/Generic Classification Scheme
Koha item type Book Bank
Holdings
Withdrawn status Lost status Source of classification or shelving scheme Damaged status Not for loan Home library Current library Date acquired Source of acquisition Inventory number Total Checkouts Full call number Barcode Date last seen Koha item type
    Other/Generic Classification Scheme     MUST Main Library MUST Main Library 14/12/2017   17/40326   WN200 C815c 2016 2017-0993 14/12/2017 Book Bank
    Other/Generic Classification Scheme     MUST Main Library MUST Main Library 14/12/2017   17/40327   WN200 C815c 2016 2017-0994 14/12/2017 Book Bank